<?xml version="1.0" encoding="UTF-8"?>
<record
    xmlns:xsi="http://www.w3.org/2001/XMLSchema-instance"
    xsi:schemaLocation="http://www.loc.gov/MARC21/slim http://www.loc.gov/standards/marcxml/schema/MARC21slim.xsd"
    xmlns="http://www.loc.gov/MARC21/slim">

  <leader>00948nam a2200217 a 4500</leader>
  <controlfield tag="001"> 85701</controlfield>
  <controlfield tag="003">BD-RjUL</controlfield>
  <controlfield tag="005">20250914120036.0</controlfield>
  <controlfield tag="008">250914s1905    pk ||||| |||| 00| 0 urd d</controlfield>
  <datafield tag="035" ind1=" " ind2=" ">
    <subfield code="a">(BD-RjUL) 85701</subfield>
  </datafield>
  <datafield tag="040" ind1=" " ind2=" ">
    <subfield code="a">BD-RjUL</subfield>
    <subfield code="b">eng</subfield>
    <subfield code="c">BD-RjUL</subfield>
  </datafield>
  <datafield tag="041" ind1=" " ind2=" ">
    <subfield code="a">urd/ara</subfield>
  </datafield>
  <datafield tag="082" ind1=" " ind2=" ">
    <subfield code="2">23</subfield>
    <subfield code="a">297.12541 </subfield>
    <subfield code="b">BUK 1905</subfield>
  </datafield>
  <datafield tag="100" ind1=" " ind2=" ">
    <subfield code="a">:&#x627;&#x644;&#x628;&#x62E;&#x627;&#x631;&#x64A;&#x60C; &#x645;&#x62D;&#x645;&#x62F; &#x628;&#x646; &#x627;&#x633;&#x645;&#x627;&#x639;&#x64A;&#x644;&#x60C;  / Bukh&#x101;r&#x12B;,  Mu&#x1E25;ammad ibn Ism&#x101;&#x2BB;&#x12B;l</subfield>
    <subfield code="d">&#x645;</subfield>
    <subfield code="9">16870</subfield>
  </datafield>
  <datafield tag="245" ind1="1" ind2="0">
    <subfield code="a">&#x62A;&#x6CC;&#x633;&#x6CC;&#x631; &#x627;&#x644;&#x628;&#x627;&#x631;&#x6CC; &#x645;&#x637;&#x644;&#x628; &#x62E;&#x6CC;&#x632; &#x62A;&#x631;&#x62C;&#x645;&#x647; &#x635;&#x62D;&#x6CC;&#x62D; &#x627;&#x644;&#x628;&#x62E;&#x627;&#x631;&#x6CC; / Tays&#x12B;r al-b&#x101;r&#x12B; mat&#x324;labk&#x332;h&#x332;ez tarjumah &#x1E63;a&#x1E25;&#x12B;&#x1E25; al-Buk&#x332;h&#x332;&#x101;r&#x12B; /</subfield>
    <subfield code="c">&#x645;&#x62D;&#x645;&#x62F; &#x628;&#x646; &#x625;&#x633;&#x645;&#x627;&#x639;&#x64A;&#x644; &#x627;&#x644;&#x628;&#x62E;&#x627;&#x631;&#x64A; ;; Muhammad bin Ismail al-Bukhari,; by &#x645;&#x62D;&#x645;&#x62F; &#x648;&#x62D;&#x6CC;&#x62F; &#x627;&#x644;&#x632;&#x645;&#x627;&#x6BA; ;; Muhammad Wahid-ul-Zaman</subfield>
  </datafield>
  <datafield tag="260" ind1=" " ind2=" ">
    <subfield code="a">Lahore :</subfield>
    <subfield code="b">Dar i ahmad ,</subfield>
    <subfield code="c">1905</subfield>
  </datafield>
  <datafield tag="300" ind1=" " ind2=" ">
    <subfield code="a">volumes, </subfield>
    <subfield code="c"> 28 cm</subfield>
  </datafield>
  <datafield tag="650" ind1=" " ind2=" ">
    <subfield code="a">&#x1E24;ad&#x12B;th Islam Discipline Sunna</subfield>
    <subfield code="9">16871</subfield>
  </datafield>
  <datafield tag="700" ind1=" " ind2=" ">
    <subfield code="a"> Wahid-ul-Zaman, Muhammad</subfield>
    <subfield code="9">16874</subfield>
  </datafield>
  <datafield tag="942" ind1=" " ind2=" ">
    <subfield code="2">ddc</subfield>
    <subfield code="c">BK</subfield>
  </datafield>
  <datafield tag="999" ind1=" " ind2=" ">
    <subfield code="c">85701</subfield>
    <subfield code="d">85701</subfield>
  </datafield>
  <datafield tag="952" ind1=" " ind2=" ">
    <subfield code="0">0</subfield>
    <subfield code="1">0</subfield>
    <subfield code="2">ddc</subfield>
    <subfield code="4">0</subfield>
    <subfield code="7">1</subfield>
    <subfield code="8">NFIC</subfield>
    <subfield code="a">RUCL</subfield>
    <subfield code="b">RUCL</subfield>
    <subfield code="c">Reading</subfield>
    <subfield code="d">2025-09-14</subfield>
    <subfield code="o">U 297.12541 BUK 1905</subfield>
    <subfield code="r">2025-09-14 00:00:00</subfield>
    <subfield code="t">C-1</subfield>
    <subfield code="y">BK</subfield>
  </datafield>
</record>
